Press working (Record no. 24171)

MARC details
000 -LEADER
fixed length control field 00305nam a2200133Ia 4500
082 ## - DEWEY DECIMAL CLASSIFICATION NUMBER
Classification number 621.98
Item number SHU
100 ## - MAIN ENTRY--AUTHOR NAME
Personal name Eleneyev, S
245 #0 - TITLE STATEMENT
Title Press working
260 ## - PUBLICATION, DISTRIBUTION, ETC. (IMPRINT)
Place of publication Moscow
Name of publisher Mir
Year of publication 1974
650 ## - SUBJECT ADDED ENTRY--TOPICAL TERM
Topical Term Sheet metal
700 ## - ADDED ENTRY--PERSONAL NAME
Personal name Shukhov, Y U
942 ## - ADDED ENTRY ELEMENTS (KOHA)
Koha item type Books
Holdings
Withdrawn status Lost status Damaged status Not for loan Home library Current library Date acquired Cost, normal purchase price Full call number Accession Number Koha item type
        RRII Library RRII Library 16/12/2021 4.80 621.98 SHU 04855 Books